000 00496nam a2200193Ia 4500
005 20250522104324.0
008 008 250516s9999 xx 000 0 eng d
020 _a9788179921623
040 _aSDCL
_beng
_cSDCL
041 _aeng
_2eng
084 _aO-,3N64, R4 LR
_qSDCL
100 _aSharma, Robin
245 4 _aThe Monk Who Sold His Ferrari
260 _aMumbai:
_bJaico Publishing House,
_c2024.
300 _a198p.
365 _aINR
_b299
650 _aReference
942 _cTEXL
999 _c1429933
_d1429933